000 00707nam a22001577a 4500
003 macl
005 20241019152954.0
008 241019b |||||||| |||| 00| 0 eng d
040 _cmacl
082 _a658
100 _aद‍ृष्टि
245 _a MPPSC प्रिलिम्‍स सक्‍सेस सीरीज उघमिता प्रबंधन व्‍यक्तित्‍व विकास एवं केस स्‍टडी मध्‍यप्रदेश के विशेष संदर्भ सहित
260 _aदिल्‍ली
_bदृष्टि पब्लिकेशन
_c2024
650 _aप्रबंधन
942 _2ddc
_cC. BOOKS
999 _c67186
_d67186